MDQL
is popping MORE tags! Check the
thread
!
Quizzes
Events
Quiz Creation
Community
Videos
Private Events
Remove Ads
Sign In
Join for FREE
Feedback
Dark Mode
Quiz Categories
Sports
Geography
Music
Movies
Television
Just For Fun
Miscellaneous
History
Literature
Language
Science
Gaming
Entertainment
Religion
Holiday
For Kids
Quiz Lab
Recent
Popular Today
Quiz Kudos Today
Editor Picks
Curator Picks
Quizzes by...
Day
Popularity
Type
Ratings
Length
Year
Community
Subscriptions
Recent Discussions
Orange Saloon
Badges
Playlists
Quests
Create
Leaderboards
Showdown
Live 5
Trivia Bingo
Activity
Puzzle Library
Sporcle Events
Private Events
Virtual Trivia
Globe League
Become a Host
Pub Owners
SporcleCon
Opinionation
Our Games
Videos
Blog
Mobile Apps
Partnerships
Remove Ads and Go Orange
Feedback
Movies
Disney
Marvel Cinematic Universe
Movie Resume
Movie Titles
Oscar
Actor
Actress
Director
Pixar
Role
Movie Quotes
Movie Characters
Box Office
Nominee
Best Picture
Star Wars
James Bond
Horror Movies
Movies
Disney
Marvel Cinematic Universe
Movie Resume
Movie Titles
Oscar
Actor
Actress
Director
Pixar
Role
Movie Quotes
Movie Characters
Box Office
Nominee
Best Picture
Star Wars
James Bond
Horror Movies
Random Quiz
Search Sporcle
×
Quiz Lab
Quiz Lab
Movies
Director
Select answers by clicking on text or image buttons
Select answers by clicking on text or image buttons
Clickable
Best Score? Go Orange.
Match The Film Noir Directors Stats
Can you match the film noir directors?
By
tenderoni
10m
50 Questions
227 Plays
227 Plays
227 Plays
Comments
Comments
Give Quiz Kudos
Give Quiz Kudos
-
- Ratings
hide this ad
More Info
Replay
Link that replays current quiz
Next Quiz
Link to next quiz in quiz playlist
You Got
0%
They Got
Avg Score
78%
Avg Friend Score
Upgrade to see
Score Distribution
Jump to the score distribution portion of the page
Score
0/50
Timer
10:00
0
Plays Today
% Correct
Alfred
100%
Orson
98.2%
Stanley
97.8%
Fritz
96.5%
Otto
96%
John
95.6%
Billy
95.6%
Howard
95.6%
Nicholas
89.4%
Joseph L.
89.4%
Michael
88.5%
Raoul
88.1%
Robert
87.7%
Jules
87.7%
Jacques
86.8%
Robert
86.8%
Don
85.9%
Samuel
85%
Robert
84.1%
Anthony
83.3%
Edward
82.4%
John
81.1%
André
80.6%
Henry
80.2%
John
78.9%
% Correct
Edgar G.
77.5%
William
75.8%
Anatole
74.9%
Jean
74%
Joseph
73.6%
Rudolph
73.1%
William
71.8%
Mark
71.8%
Tay
71.8%
Joseph H.
70%
Richard
69.2%
John
68.7%
Frank
68.7%
John
68.7%
Ted
68.3%
Vincent
66.5%
Gordon
66.5%
Irving
65.6%
Russell
65.2%
Phil
64.3%
Felix E.
64.3%
Curtis
63.4%
Lewis
62.6%
Stuart
62.6%
Maxwell
61.7%
Quiz Playlist
Details
Report
Send in Message
Add To Playlist
More Info:
Can you match the first and last names to create fifty famous directors of film noir?
Clickable:
Select answers by clicking on text or image buttons
Last Updated: Feb 16, 2017
Quiz Scoreboard
CHALLENGE
Sign Up to Join the Scoreboard
Show All
Scores
Hide
Comments
May contain spoilers
Recently Published
1-10 Letter E Words III
by El_Dandy
Language
2m
Street Fighter Characters
by Artimus82
Gaming
60s
College Basketball Coaching Resumes
by pancakes188
Sports
9m
More to Explore
Quiz From the Vault
Featured Blog Post
Where Did the Easter Bunny Come From?
hide this ad
You Might Also Like...
Tags
Clickable Quiz
Director Quiz
noir
Today's Top Quizzes in Movies
Browse Movies
hide this ad
Today's Top Quizzes in Director
Browse Director
Top Contributed Quizzes in Movies
1
Pick 5 Posters: Directed by Spielberg
2
7-to-1: Pixar Characters
3
Hidden Star Wars Character II
4
Hidden Star Wars Character III
5
Pick 5 Posters: Lowest-Rated Spielberg
6
Sorting Actresses
7
Sorting Actors
8
Hidden Star Wars Character IV
9
Hidden Star Wars Character V
10
Pick 5 Posters: Directed by Scorsese
Explore More
Trending Topics
Disney
Harry Potter
Crossword
Marvel
Anime
NBA
Kpop
NFL
Country
The Office
Puzzle
WWE
Soccer
Song
Pokémon
hide this ad
More By:
tenderoni
Quiz
Plays
Rating
Category
Featured
Created
Britpop Bands By Their Biggest Hits
3,147
4.76
Music
Aug 16, 2015
Every Nick Cave and the Bad Seeds Song By Any Word Quiz
565
5.00
Music
May 25, 2016
Every Morrissey Song By Any Word Quiz
561
4.75
Music
May 25, 2016
What Type of Animal is this Sanrio Character?
416
3.67
Just For Fun
Aug 16, 2015
3 Word Nick Cave and the Bad Seeds Song Match Up
304
5.00
Music
May 31, 2015
Go to Creator's Profile
Score Distribution
Quiz Creator Spotlight
tenderoni
Follow
Send a Message
Quizzes Created
-
Created Quiz Play Count
-
More By This Creator
Popular Quizzes Today
1
Find the US States - No Outlines Minefield
2
Find the Countries of Europe - No Outlines Minefield
3
The Countries of the World
4
Find the US States
5
Risky Map Clicking: Biggest States A-Z
6
US States
7
Popular People in 1961
8
Movies - When Are They Set?
More Movies Quizzes
Vince Vaughn Movies
Published
Trending Quizzes
Risky Map Clicking: Least Populous States A-Z
Billboard Blitz: Aretha Franklin
1-10 Letter G Words
Countries of the World: 200 Million BC
1-10 Letter F Words
Recently Updated
Leaping Animals
pecheneg
Reality TV Shows (A-Z)
bhenderson79
Rickey Henderson's Hall of Fame Teammates
pecheneg
Champions League XIs: Arsenal
pecheneg
Quick Pick: Celebrities in WWE's Hall of Fame
aduchscher
A-Z Keypad Blitz II
pecheneg
Multiple Oscar Actors
pecheneg
Mystery Phrase Blitz: Oscar 'Best Actors'
pecheneg
F. Scott Fitzgerald Novels
LTH
Pick 3 Villains
ddd62291
Trending Topics
NBA
Anime
Harry Potter
Crossword
Kpop
Disney
Marvel
The Office
Puzzle
Soccer
Pokémon
WWE
Song
NFL
Country
Your Account Isn't Verified!
In order to create a playlist on Sporcle, you need to verify the email address you used during registration. Go to your
Sporcle Settings
to finish the process.
Report this User
Report this user for behavior that violates our
Community Guidelines
.
Details:
Send Report
Go to the Sporcle.com Mobile Site →
Comments